Maroon 5 Songs - Sudden Death - Statistics

General Stats
  • This quiz has been taken 401 times
    153 since last reset
  • The average score is 6 of 20
Answers on the Grid
Answers color-coded by a green-red scale on the quiz's grid according to % correct below.
This Love
Sugar
Fireflies
Animals
She Will Be Loved
Lost in Japan
Maps
Stereo Hearts
Blinding Lights
Wait
One Kiss
Memories
Uptown Funk
Spaceman
Tickets
Sunday Morning
Clocks
Demons
Fix You
Closure
Misery
Speed of Sound
Runaway
Geronimo
Denim Jacket
Harleys in Hawaii
Woman
Giants
The Sun
Counting Stars
Viva La Vida
Nothing Lasts Forever
Omen
Back at Your Door
Lucky Strike
Wipe Your Eyes
Treasure
Secrets
Can’t Stop
 
Answer Stats
Answer % Correct
Animals
76%
Sugar
76%
This Love
73%
She Will Be Loved
63%
Maps
55%
Memories
49%
Sunday Morning
41%
Misery
37%
Wait
15%
Lucky Strike
13%
Nothing Lasts Forever
12%
The Sun
12%
Can’t Stop
10%
Back at Your Door
8%
Closure
8%
Denim Jacket
8%
Wipe Your Eyes
8%
Tickets
7%
Runaway
4%
Woman
4%
No matching quizzes found
Score Distribution
Percent of People with Each Score
Percentile by Number Answered
Your Score History
You have not taken this quiz since the last reset